Statystyki dla Największe linie lotnicze świata

Kliknij tutaj aby rozwiązać quiz!

Ogólne statystyki

  • Ten quiz został rozwiązany 1 113 razy
  • Średni wynik to 6 z 28

Statystyki odpowiedzi

PasażerowieKontynentLinia lotnicza% Poprawnych
130 mlnEuropaLufthansa
68%
59 mlnAzjaEmirates
67%
129 mlnEuropaRyanair
60%
200 mlnAmeryka PółnocnaAmerican Airlines
52%
105 mlnEuropaBritish Airways-Iberia
48%
186 mlnAmeryka PółnocnaDelta
29%
148 mlnAmeryka PółnocnaUnited
28%
69 mlnAzjaTurkish
27%
48 mlnAmeryka PółnocnaAir Canada
23%
101 mlnAzjaAir China
21%
50 mlnEuropaAeroflot
21%
82 mlnEuropaEasyJet
18%
49 mlnOceaniaQantas
18%
158 mlnAmeryka PółnocnaSouthwest
15%
63 mlnAzjaAir Asia
13%
42 mlnAzjaJapan Airlines
12%
126 mlnAzjaChina Southern
10%
110 mlnAzjaChina Eastern
9%
40 mlnAmeryka PółnocnaJetBlue
8%
67 mlnAmeryka PołudniowaLATAM
8%
49 mlnAzjaAll Nippon
8%
99 mlnEuropaAir France-KLM
8%
35 mlnAzjaCathay Pacific
7%
44 mlnAmeryka PółnocnaAlaska
6%
36 mlnAzjaGaruda Indonesia
5%
49 mlnAzjaIndiGo
4%
53 mlnAzjaLion Air
4%
72 mlnAzjaHainan Airlines
4%

Rozkład punktacji

Percentyl według liczby udzielonych odpowiedzi

Procent ludzi z każdym wynikiem

Twoja historia wyników

Nie rozwiązałeś tego quizu